01653nam a2200385 a 4500001001000000003000500010005001700015008004100032010001100073011001100084040000900095090001000104100005000114245025700164260004100421500006000462502008800522590004100610590004100651590004000692590004000732590004000772650002800812650003100840650005400871650002500925650004900950700004200999856007001041901000701111942001001118942000601128999001901134952011401153000116327CHAP20220329144610.0191209s2019 mx a |sm |||||||spa d a112788 a113760 cCHAP aTesis1 aVázquez Chavira, Francisco Vicente.913714410aCaracterización de la carga de combustibles superficiales y aéreos en los bosques de oyamel (Abies religiosa H.B.K.)Schl et Cham de Milpa Alta. Ciudad de Méxicoh[En línea]cpor Francisco Vicente Vázquez Chavira y Juan Pablo Zamarripa Molina. aChapingo, Méx. :bEl autor,c2019. aPara ver el contenido del material haga clic en la liga aTesis (Ing. en Restauración Foreastal) -- UACH. División de Ciencias Forestales aBATCH-UPDb05c20191209lUCH01h1245 aBATCH-UPDb05c20191209lUCH01h1248 aE6339RRRb05c20191209lUCH01h1244 aE6339RRRb05c20191209lUCH01h1244 aE6339RRRb05c20191209lUCH01h124714aBosques y clima.91442714aBosquesxIncendios.91421114aBosquesxPreservaciónzMéxico (D.F.).912746214aCombustibles.92555414aOyamelxFisiología y morfología.91268381 aZamarripa Molina, Juan Pablo.9137145 aFinding aiduhttp://10.13.5.2/tesis/sist116327.pdfzTeclea aquí aBK cTESIS n0 c112788d112788 00102local40718TESISaBCbBCd2019-12-09fTESISl0oTesisp116339-10r2019-12-31 00:00:00w2019-12-09yCD